What Countries Will Join WW3? - Statistics

General Stats
  • This quiz has been taken 335 times
  • The average score is 28 of 46
Answer Stats
Continent Country % Correct
Europe / Asia Russia
93%
N.America United States
90%
Asia China
87%
N.America Canada
79%
Africa Egypt
77%
Asia Japan
77%
Asia India
75%
Asia Iran
75%
Europe Ukraine
75%
N.America Mexico
74%
Asia South Korea
74%
Oceania Australia
71%
Asia North Korea
71%
S.America Brazil
70%
Africa Algeria
68%
Asia Pakistan
68%
Africa South Africa
68%
Africa Morocco
65%
Asia Israel
64%
Oceania New Zealand
64%
Africa Libya
61%
Africa Sudan
61%
N.America Cuba
60%
Asia Afghanistan
59%
Asia Saudi Arabia
59%
Africa Somalia
59%
Asia Taiwan
59%
Asia Vietnam
58%
Europe Belarus
57%
Africa Ethiopia
57%
Asia Syria
57%
Asia Indonesia
55%
S.America Venezuela
55%
Asia Yemen
55%
Asia Kazakhstan
53%
Africa South Sudan
51%
Asia Thailand
50%
Asia Armenia
49%
Asia Oman
49%
Europe Serbia
49%
Asia Azerbaijan
48%
Asia Georgia
46%
Africa Eritrea
39%
Europe Kosovo
39%
Europe NATO
36%
Asia Palestine
35%
No matching quizzes found
Score Distribution
Percent of People with Each Score
Percentile by Number Answered
Your Score History
You have not taken this quiz